000 00612nam a2200253Ia 4500
003 OSt
005 20231030093031.0
008 210210b1961 xxu||||| |||| 00| 0 eng d
040 _cAL
041 _aeng
082 _a514/12
100 _aBANSI (Lal)
_9139863
245 _aNew analytical solid geometry Part I
260 _aDelhi
_bAtma Ram & Sons
_c1961
650 _asolid
_9139864
650 _aPart
_9139865
650 _aNew
_9139866
650 _aI
_9139867
650 _ageometry
_9139868
650 _aanalytical
_9139869
690 _aGeometry
_9139870
906 _a007458
942 _2ddc
_cBK
999 _c139952
_d139952